000 00344cam a22001337a 4500
008 180718b1962 xxu||||| |||| 00| 0 eng d
082 _aA72x47 M527
100 _aMenon, K.P.S.
245 _aRussian panorama
_cby K.P.S. Menon
260 _aLondon
_bOUP
_c1962
300 _a278p.
500 _aRs.15.00
650 _aUSSR - Description and Travel
999 _c373797
_d373797